000 01684nam0a2200349 i 4500
001 RU\NLR\BIBL_A\011216592
005 20260406090252.0
010 _a9785358178397
_94000
021 _aRU
_b2016-68052
_94377
035 _a(NLR Aleph) 011216592
090 _a12000426
_c12000426
100 _a20160921d2017 e y0rusy50 ca
101 0 _arus
102 _aRU
105 _aa|||j|||000yy
200 1 _aОсновы безопасности жизнедеятельности
_e10 класс
_eбазовый уровень
_eучебник
_fВ.Н. Латчук, В.В. Марков, С.К., Миронов, С.Н. Вангородский
_gпод ред. В. Н. Латчука
205 _a5-е изд., стер.
210 _aМосква
_cДрофа
_d2017
215 _a255 с.
_cил.
_d22
225 1 _aВертикаль
225 1 _aФГОС
320 _aБиблиогр.: с. 250-252
606 1 _aБезопасность жизнедеятельности
_jУчебники для средней школы
_91373082
_3RU\NLR\AUTH\66261709
686 1 _aЦ69,6(2Р)0я721-1
701 1 _7ca
_8rus
_aЛатчук
_bВ. Н.
_gВладимир Николаевич
_3RU\NLR\AUTH\7723936
_96989
701 1 _8rus
_7ca
_aМарков
_bВ. В.
_cспециалист по ОБЖ
_gВалерий Васильевич
_3RU\NLR\AUTH\7723938
_96991
701 1 _8rus
_7ca
_aМиронов
_bС. К.
_cспециалист по ОБЖ
_gСергей Константинович
_3RU\NLR\AUTH\7757721
_940653
701 1 _aВангородский
_bС. Н.
_gСергей Николаевич
942 _cBOOK
980 _aNBR